| 000 | 00656nam a2200229Ia 4500 | ||
|---|---|---|---|
| 003 | OSt | ||
| 005 | 20221007070158.0 | ||
| 006 | a|||||r|||| 00| 0 | ||
| 007 | ta | ||
| 008 | 221006b |||||||| |||| 00| 0 eng d | ||
| 024 | _a20,254 | ||
| 037 | _cReference Collections | ||
| 040 |
_aFLL _cFLL _beng |
||
| 041 |
_2eng _aeng |
||
| 082 | _aZ2,5(x5), P2 | ||
| 100 |
_aSingh J.S.P. Au. _9687201 |
||
| 245 | 0 | _aBasic statutes on socio economic offences | |
| 260 |
_aFaridabad _bSri sai law publications India _c2002 |
||
| 300 |
_a448p _ccm. |
||
| 942 |
_hZ2,5(x5), P2 _cREF _2CC |
||
| 999 |
_c1139669 _d1139669 |
||